Score 0/36 Timer 10:00
0 Plays Today
% Correct
JR
100%
Wooseok
85.7%
Mingyu
85.7%
Dino
85.7%
DK
85.7%
Jimin
85.7%
Chen
85.7%
Baekhyun
85.7%
Jackson
85.7%
Jinyoung
85.7%
Jooheon
85.7%
Shownu
85.7%
Taeyong
85.7%
Winwin
85.7%
Mark
85.7%
Minhyun
85.7%
Chani
85.7%
Rowoon
85.7%
% Correct
Felix
85.7%
Daniel
85.7%
Jihoon
85.7%
Eunwoo
85.7%
Sanha
85.7%
Yohan
71.4%
Seungwoo
71.4%
Seungwoo
71.4%
V
71.4%
Hyunjin
71.4%
Yeonjun
71.4%
Soobin
71.4%
Jaehwan
71.4%
Minhee
57.1%
Byungchan
57.1%
Wooseok
57.1%
Subin
28.6%
Jinhyuk
28.6%
Remove Ads.
Support Sporcle.
Get the best of Sporcle when you Go Orange. This ad-free experience offers more features, more stats, and more fun while also helping to support Sporcle. Thank you for becoming a member.

You're not logged in!

Compare scores with friends on all Sporcle quizzes.
OR
Log In

Show Comments

Extras

Created Sep 29, 2019ReportNominate
Tags:base

Top Quizzes Today


Score Distribution

Your Account Isn't Verified!

In order to create a playlist on Sporcle, you need to verify the email address you used during registration. Go to your Sporcle Settings to finish the process.

Report this User

Report this user for behavior that violates our Community Guidelines.

Details: